000 00431 a2200157 4500
020 _a0130819549
090 _c5918
_d5918
100 _aBradley, Gerald L.
245 _aCalculus: Student mathematics handbook
_cGerald L. Bradley, Karl J. Smith
250 _a2nd ed.
260 _aNew Jersey:
_bPrentice- Hall,
_c1998.
300 _a202 p. :
_bill. ;
_c24cm.
500 _aIncludes index
650 _aCalculus
942 _cBK
_k515 BRA
999 _c9756
_d9756